00567cam a22002291 4500001001300000003000400013005001700017008004100034010001700075025001900092035002000111040002100131042001200152050001600164100002400180245002800204260001100232300003500243500001300278651002900291999001700320sa 68000415 DLC20260227112423.0940615s1966 pk j 000 0 urdo  asa 68000415  aPL480:P-U-1737 a(OCoLC)30612886 aDLCcCUdCUdDLC apremarc00aDS234b.A130 aAbdur Rasul,d1932-10aTārik̲h̲-i Islām. c[1966] a575 p.bgeneal. table.c22 cm. aIn Urdu. 0aIslamic EmpirexHistory. c77196d77196